000 00597pab a2200157 454500
008 180718b1999 xxu||||| |||| 00| 0 eng d
100 _aNair, Tara S.
245 _aHousing: the missing concerns
260 _c1999
300 _ap.1871-872
362 _a10 Jul
520 _aWhile the latest budget makes grand pronouncement about expanding the availability of housing finance, it shows little comprehension of the difficulties of creating and strengthening participatory mechanisms in this area. - Reproduced
650 _aHousing
773 _aEconomic and Political Weekly
909 _a41642
999 _c41642
_d41642